000 00455nam a22001577a 4500
999 _c60916
_d60916
005 20231117153545.0
008 231117s1965 enk||||| |||| 00| 0 eng d
041 _aeng
080 _a737 S-45
100 _aSeltman, Charles
_920424
245 _aGreek Coins /
_cCharles Seltman.
264 _aLondon:
_bMethuen,
_c1955.
300 _a312 p.:
_bill.
_c22 cm.
653 _aბერძნული მონეტები
942 _2udc
_cᲬᲘᲒᲜᲘ